Structural modelling and optimization : a general methodology for engineering and control /

Bibliographic Details
Main Author: Carmichael, D. G., 1948-
Format: Book
Language:English
Published: Chichester, West Sussex : New York : E. Horwood ; Halsted Press, 1981.
Series:Ellis Horwood series in engineering science.
Subjects:

MARC

Tag First Indicator Second Indicator Subfields
LEADER 00000pam a2200000 a 4500
001 in00000082090
005 20151008055506.0
008 810501s1981 enka b 00110 eng
010 |a  81004238  
020 |a 0470271140 (Halsted Press) :  |c $42.00 
035 |a (OCoLC)07553909 
035 |9 AAJ3609AM 
039 0 |a 2  |b 3  |c 3  |d 3  |e 3 
040 |a DLC  |c DLC  |d TXA  |d UtOrBLW 
049 |a TXAM  |c [951771] 
050 0 0 |a TA646  |b .C36 1981 
082 0 |a 624.1/0724  |2 19 
100 1 |a Carmichael, D. G.,  |d 1948- 
245 1 0 |a Structural modelling and optimization :  |b a general methodology for engineering and control /  |c D.G. Carmichael. 
264 1 |a Chichester, West Sussex :  |b E. Horwood ;  |a New York :  |b Halsted Press,  |c 1981. 
300 |a 306 pages :  |b illustrations ;  |c 24 cm. 
336 |a text  |b txt  |2 rdacontent 
337 |a unmediated  |b n  |2 rdamedia 
338 |a volume  |b nc  |2 rdacarrier 
490 1 |a Ellis Horwood series in engineering science 
500 |a Includes index. 
504 |a Bibliography: pages [275]-303. 
650 0 |a Structural engineering  |x Mathematical models. 
830 0 |a Ellis Horwood series in engineering science. 
999 |a MARS 
999 f f |s 4ddb8d28-4280-37da-8b97-96e5cf8546ee  |i dac82ad2-5fde-3c98-a37c-42aee587162d  |t 0 
952 f f |p ric  |a Texas A&M University  |b Rellis Campus  |c Joint Library Facility  |d Remote Storage  |t 0  |e TA646 .C36 1981  |h Library of Congress classification  |i unmediated -- volume  |m A14806243213 
998 f f |a TA646 .C36 1981  |t 0  |l Remote Storage